01484cam a22003015a 4500001001300000003000400013005001700017008004100034020006300075040008200138082001900220245004600239246003500285250003200320260005000352300005200402504005100454520009300505650004100598651001000639653001800649700007300667942000800740999001700748952014900765952013400914952013401048ocn706780870OSt20160516132526.0110304t2012 paua frbd 001 0 eng d a9780808924180 (International ed. : hardcover : alk. paper) aDNLM/DLCbengcDLCdNLMdYDXCPdUCOdAZTdBTCTAdCDXdFYMdVP@dIUMdEG-ScBUE04222a610.3bDOR00aDorland's illustrated medical dictionary.1 aIllustrated medical dictionary a32nd ed., International ed. aPhiladelphia :bSaunders / Elsevier,cc.2012. axxvii, 2147 p. :bill. (chiefly col.) ;c29 cm. aIncludes bibliographical references and index. aIllustrates and defines terms used in different branches of medicine and health science. 7aMedicinevDictionaries.2BUEsh99402 2BUEsh bNNURcMay20161 aDorland, W. A. Newmanq(William Alexander Newman),d1864-1956.97120 2ddc c21750d21722 00102ddc40708AlahramaMAINbMAINc1STd2016-05-16ePurchaseg386.00l2m1o610.3 DORp000032496r2025-07-15 00:00:00s2023-10-29v482.50yBB 00102ddc40708AlahramaMAINbMAINc1STd2016-05-16ePurchaseg386.00l0o610.3 DORp000032497r2025-07-15 00:00:00v482.50yBB 00102ddc40708AlahramaMAINbMAINc1STd2016-05-16ePurchaseg386.00l0o610.3 DORp000032498r2025-07-15 00:00:00v482.50yBB